| 000 | 00655nam a2200217Ia 4500 | ||
|---|---|---|---|
| 005 | 20230807101940.0 | ||
| 008 | 131103s9999 xx 000 0 und d | ||
| 040 | _aLoreto College | ||
| 041 | _aEnglish | ||
| 082 |
_a909 _bKIN |
||
| 100 | _aKinder,Hermann | ||
| 245 | 4 |
_aThe Penguin atlas of world history _cHermann Kinder and Werner Hilgemann; translated by Ernest A. Menze with maps designed by Harald and Ruth Bukor |
|
| 260 |
_aHarmondsworth _bPenguin Books _c1978 |
||
| 300 |
_a328 p. _b ill.,maps |
||
| 504 | _aIncludes index | ||
| 650 | _aHistory | ||
| 651 | _aWorld History | ||
| 700 | _aHilgemann,Werner | ||
| 850 | _aLCLIB | ||
| 942 | _cBK | ||
| 999 |
_c3192 _d53671 |
||